000 00494nam a2200181Ia 4500
003 GCL
005 20240530110900.0
008 140319s1993 uk a 000 0 eng d
040 _aGCL /
_cGCL
082 0 4 _a001.422/
_b S A
100 1 _aSprent, P
245 1 0 _aApplied Nonparametric Statistical Methods /
_cP. Sprent
260 _aLondon :
_bChapman & Hall،
_c1993.
300 _a341 p.:
_bill P
_c24 cm.
650 0 4 _aStatistical Methods
650 0 4 _aComputer Science
942 _2ddc
_cBK
999 _c66115
_d66115